000 00270nam a2200097Ia 4500
008 230508s2004 xx 000 0 und d
041 _aeng
100 _aSTEVENS W. RICHARD
245 _aUNIX NETWORKING PROGRAMMING ISOCKETS & XIT 2N
260 _bPEARSON EDUCATION IN
_c2004
999 _c720641
_d720641